| 000 | 00857nmc a2200325 a 4500 | ||
|---|---|---|---|
| 003 | AR-BaBNM | ||
| 005 | 20251128204813.0 | ||
| 008 | 011101s1985 ||||||||||||||000 | spa|| | ||
| 020 | _a950-23-0195-1 | ||
| 040 | _cAR-BaBNM | ||
| 245 | 1 | 0 |
_aHistoria de la tortura y el orden represivo en la Argentina _btextos documentales |
| 260 |
_aBuenos Aires _bEudeba _c1985 |
||
| 300 | 0 | _a299 p. | |
| 490 | 0 | _aDerechos humanos | |
| 650 | 4 | _aTORTURA | |
| 650 | 4 | _aSIGLO DIECIOCHO | |
| 650 | 4 | _aSIGLO DIECINUEVE | |
| 650 | 4 | _aDOCUMENTOS | |
| 650 | 4 | _aCASTIGO CORPORAL | |
| 650 | 4 | _aPENA DE MUERTE | |
| 650 | 4 | _aPRISIONES | |
| 650 | 4 | _aPRISIONEROS | |
| 650 | 4 | _aDERECHOS HUMANOS | |
| 650 | 4 | _aSIGLO VEINTE | |
| 650 | 4 | _aHISTORIA POLITICA | |
| 651 | 4 | _aArgentina | |
| 700 | 1 |
_aRodrÃguez Molas, Ricardo _ecompilador |
|
| 942 | _cBK | ||
| 998 | _csole | ||
| 999 |
_c8892 _d8892 |
||